000 00466nam a2200133 a 4500
008 120416s1975 ||||||||||||||||| || u
050 _aQL 785 Tar
100 _aTarpy, Roger M
245 1 0 _aBasic principles of learning
260 _aGlenview, Ill.
_bScott, Foreman
_c1975
300 _a261p. : ill.
350 _a0.00
995 _D0.00
_FCBU-MAIN LIBRARY (Kitwe)
_H1
_I0.00
_M1
_UDAMAGED
_ZMain Library Open Access Collection
999 _c35603
_d35603